Países com Mais Aeroportos - Statistics

Estatísticas Gerais
  • Esse quiz foi jogado 10 266 vezes
  • A pontuação média é 15 de 20
Estatísticas das Respostas
# País % Correto
13,513 Estados Unidos
100%
4,093 Brasil
99%
507 China
97%
1,218 Rússia
96%
1,467 Canadá
95%
464 França
93%
1,714 México
92%
916 Argentina
91%
539 Alemanha
90%
418 Austrália
87%
460 Reino Unido
83%
481 Chile
76%
836 Colômbia
73%
407 África do Sul
71%
673 Indonésia
58%
444 Venezuela
58%
855 Bolívia
54%
799 Paraguai
46%
432 Equador
45%
561 Papua Nova Guiné
11%
Nenhum quiz correspondente encontrado
Distribuição das Pontuações
Porcentagem de Pessoas com Cada Pontuação
Percentil de Números Respondidos
Sua Pontuação Histórica
Você não jogou esse quiz